[Event "Wch U10 Girls"]
[Site "Belfort"]
[Date "2005.07.25"]
[Round "8"]
[White "Johonova, Eliska"]
[Black "Mucha, Magdalena"]
[Result "0-1"]
[WhiteElo "1599"]
[BlackElo "1599"]
[PlyCount "54"]
[EventDate "2005.07.??"]
[EventType "swiss"]
[EventRounds "11"]
[EventCountry "FRA"]
[SourceTitle "CBM 107 Extra"]
[Source "ChessBase"]
[SourceDate "2005.09.01"]
[SourceVersion "1"]
[SourceVersionDate "2005.09.01"]
[SourceQuality "1"]

1. e4 c5 2. d4 cxd4 3. c3 Nf6 4. e5 Nd5 5. cxd4 e6 6. Nf3 b6 7. g3 Bb7 8. Bg2 d6 9. 0-0 Be7 10. Nc3 Nxc3 11. bxc3 Qc7 12. Qd3 Nd7 13. Bf4 Rd8 14. Rac1 h6 15. c4 g5 16. Bd2 dxe5 17. d5 Nc5 18. Qe2 f6 19. Bh3 exd5 20. cxd5 Bxd5 21. Rfd1 h5 22. Bf5 Qb7 23. Bg6+ Bf7 24. Bxf7+ Kxf7 25. Qc4+ Kg7 26. Be3 Qxf3 27. Rf1 h4 0-1